Electromagnetics, microwave circuit and antenna design for communicaiton engineering (Record no. 569284)
[ view plain ]
| 000 -LEADER | |
|---|---|
| fixed length control field | 00668nam a22001937a 4500 |
| 003 - CONTROL NUMBER IDENTIFIER | |
| control field | CEME |
| 005 - DATE AND TIME OF LATEST TRANSACTION | |
| control field | 20210628202315.0 |
| 008 - FIXED-LENGTH DATA ELEMENTS--GENERAL INFORMATION | |
| fixed length control field | 210210b xxu||||| |||| 00| 0 eng d |
| 020 ## - INTERNATIONAL STANDARD BOOK NUMBER | |
| International Standard Book Number | 1-58053-907-6 |
| 040 ## - CATALOGING SOURCE | |
| Transcribing agency | . |
| 082 ## - DEWEY DECIMAL CLASSIFICATION NUMBER | |
| Classification number | 621.382 RUS |
| 100 ## - MAIN ENTRY--PERSONAL NAME | |
| Personal name | Russer, Peter |
| 9 (RLIN) | 59266 |
| 245 ## - TITLE STATEMENT | |
| Title | Electromagnetics, microwave circuit and antenna design for communicaiton engineering |
| 250 ## - EDITION STATEMENT | |
| Edition statement | 2ND |
| 260 ## - PUBLICATION, DISTRIBUTION, ETC. | |
| Place of publication, distribution, etc. | BOSTON |
| Name of publisher, distributor, etc. | ARTECH HOUSE |
| Date of publication, distribution, etc. | 2006 |
| 300 ## - PHYSICAL DESCRIPTION | |
| Extent | XX,727 P |
| 650 ## - SUBJECT ADDED ENTRY--TOPICAL TERM | |
| Topical term or geographic name entry element | ELECTROMAGNETIC FIELD MATHEMATICAL MODELS, MICROWAVE CIRCUITES- MATHEMATICAL MODELS, ANTENNA- ELECTRONICS -MATHEMATICAL MODELS.ELECTROMAGNETICS. MICROWAVE CIRCUIT |
| 9 (RLIN) | 59267 |
| 942 ## - ADDED ENTRY ELEMENTS (KOHA) | |
| Koha item type | Book |
| Source of classification or shelving scheme | |
| Withdrawn status | Lost status | Damaged status | Not for loan | Permanent Location | Current Location | Shelving location | Date acquired | Total Checkouts | Full call number | Barcode | Date last seen | Price effective from | Koha item type |
|---|---|---|---|---|---|---|---|---|---|---|---|---|---|
| College of Electrical & Mechanical Engineering (CEME) | College of Electrical & Mechanical Engineering (CEME) | General Stacks | 07/18/2017 | 621.382 RUS | CEME-40953 | 06/28/2021 | 06/28/2021 | Book |
